STN EN 2155-7 Letectvo a kozmonautika skúšobné metódy priehľadných materiálov na sklá lietadiel časť 7: stanovenie optickej odchýlky

Bibliographic Details
Format: Book
Language:Undetermined
Published: Bratislava Slovenský ústav technickej normalizácie 2001
Edition:[1.vyd.]
Subjects:

MARC

LEADER 00000nam a2200000 a 4500
001 vtls001475546
003 SK-MaSNL
005 20260302073547.0
008 160624s2001 xo 0 und
035 |a SNK000430847 
040 |a SNK  |b slo  |c SNK  |e AACR2 
044 |a xo  |c SK 
245 1 |a STN EN 2155-7 Letectvo a kozmonautika  |b skúšobné metódy priehľadných materiálov na sklá lietadiel  |n časť 7:  |p stanovenie optickej odchýlky 
250 |a [1.vyd.] 
260 |a Bratislava  |b Slovenský ústav technickej normalizácie  |c 2001 
500 0 |a táto národná norma je identická s EN 2155-7: 1997 
655 7 |a normy  |2 SNK  |9 70643 
999 |c 1161317  |d 1163247 
952 |t P60, <03>, [BOOK], {603}  |a SNK  |b SNK  |y PREZ  |7 0  |p 17A0429522  |o snkSTN EN 2155-7  |i snkN 2382/2004  |0 0  |1 0  |4 0  |d 2004-05-27  |l 0  |r 2005-01-02 00:00:00  |w 2026-02-24 
952 |t P66, <07>, [BOOK], {667}  |a SNK  |b SNK  |y PREZ  |7 0  |p 17A0429523  |o snkSTN EN 2155-7 D1  |i snkN 2383/2004  |0 0  |1 0  |4 0  |d 2004-05-27  |l 0  |r 2005-01-02 00:00:00  |w 2026-02-24